EVERY NCAAM Logo - Statistics

General Stats
  • This quiz has been taken 1,842 times
    461 since last reset
  • The average score is 243 of 365
Answer Stats
Picture Hint Answer % Correct
Big 12 Iowa St.
100%
Big 12 Kansas
94%
ACC Florida St.
93%
ACC Notre Dame
93%
Big Ten Penn St.
93%
SEC Auburn
92%
Big Ten Minnesota
92%
Big 12 Oklahoma St.
92%
ACC California
91%
ACC Pittsburgh
91%
ACC Duke
90%
Mid-American Kent St.
90%
Big East Marquette
90%
ACC Miami
90%
SEC Ole Miss
90%
Ivy Harvard
89%
Big Ten Nebraska
89%
Big Ten Ohio St.
89%
SEC Tennessee
89%
Sun Belt James Madison
88%
ACC Wake Forest
88%
Big 12 Arizona St.
87%
ACC Georgia Tech
87%
ACC Louisville
87%
SEC Texas
87%
Sun Belt Troy
87%
SEC Vanderbilt
87%
Mid-American Buffalo
86%
SEC Missouri
86%
ACC North Carolina
86%
Conference USA Sam Houston
86%
Mountain West San Diego St.
86%
AAC Temple
86%
Big 12 Texas Christian
86%
Patriot Colgate
85%
Big West Hawai'i
85%
Big Ten Illinois
85%
Big Ten Iowa
85%
SEC Kentucky
85%
Conference USA Liberty
85%
Big Ten Rutgers
85%
Ivy Yale
85%
Atlantic 10 Fordham
84%
Big Ten Oregon
84%
AAC South Florida
84%
Big 12 Utah
84%
Big East Villanova
84%
West Coast Washington St.
84%
Mid-American Akron
83%
Big 12 Arizona
83%
Mid-American Ball St.
83%
Mountain West Boise St.
83%
ACC Boston College
83%
Big 12 Central Florida
83%
ACC Clemson
83%
SEC Florida
83%
Atlantic 10 George Washington
83%
Big Ten Michigan
83%
ACC Stanford
83%
Big East UConn
83%
Big East Xavier
83%
SEC Arkansas
82%
Pac 12 Colorado
82%
SWAC Grambling St.
82%
AAC North Texas
82%
SEC Oklahoma
82%
Atlantic 10 Rhode Island
82%
ACC Syracuse
82%
AAC UAB
82%
Big 12 Baylor
81%
Southern Furman
81%
Big Ten Indiana
81%
Conference USA Kennesaw St.
81%
Mid-American Massachusetts
81%
SEC Mississippi St.
81%
Big Ten Purdue
81%
West Coast Saint Mary's
81%
Mountain West Wyoming
81%
Mountain West Air Force
80%
SEC Alabama
80%
Sun Belt Appalachian St.
80%
Patriot Army
80%
Big 12 BYU
80%
Mid-American Central Michigan
80%
Big 12 Cincinnati
80%
Big East Creighton
80%
SEC Georgia
80%
Big 12 Kansas St.
80%
Sun Belt Marshall
80%
AAC Memphis
80%
Mid-American Miami (OH)
80%
Big Ten Michigan St.
80%
Big Sky Montana
80%
ACC NC St.
80%
Ivy Princeton
80%
Mountain West San Jose St.
80%
ACC Virginia
80%
ACC Virginia Tech
80%
Big 12 Houston
79%
Sun Belt Louisiana
79%
Big Ten Maryland
79%
Patriot Navy
79%
Summit League North Dakota St.
79%
Mid-American Northern Illinois
79%
Big Ten Northwestern
79%
Ivy Penn
79%
SEC Texas A&M
79%
Big Ten USC
79%
Big Ten Washington
79%
Big 12 West Virginia
79%
Big Ten Wisconsin
79%
Atlantic 10 Dayton
78%
West Coast Oregon St.
78%
SEC South Carolina
78%
Big East St. John's
78%
Big 12 Texas Tech
78%
Big Ten UCLA
78%
Mountain West Utah St.
78%
Ivy Dartmouth
77%
Conference USA Delaware
77%
Mid-American Eastern Michigan
77%
Big Sky Eastern Washington
77%
Confernece USA Florida International
77%
Big East Georgetown
77%
Mountain West Grand Canyon
77%
Big South High Point
77%
ACC SMU
77%
Coastal William and Mary
77%
Mid-American Bowling Green
76%
Ivy Brown
76%
Mountain West Colorado St.
76%
Atlantic 10 George Mason
76%
West Coast Gonzaga
76%
Missouri Valley Indiana St.
76%
Conference USA Louisiana Tech
76%
SEC LSU
76%
Sun Belt Old Dominion
76%
Atlantic 10 Richmond
76%
Sun Belt Texas St.
76%
Sun Belt UL Monroe
76%
Patriot Boston U
75%
Big East DePaul
75%
SWAC Jackson St.
75%
Missouri Valley Murray St.
75%
Mountain West New Mexico
75%
Conference USA New Mexico St.
75%
AAC Tulane
75%
AAC UTSA
75%
America East Vermont
75%
AAC Charlotte
74%
Sun Belt Coastal Carolina
74%
AAC Florida Atlantic
74%
Patriot Lehigh
74%
Confernce USA Rice
74%
AAC Wichita St.
74%
SWAC Alabama A&M
73%
Patriot American
73%
Big East Butler
73%
AAC East Carolina
73%
Mountain West Fresno St.
73%
Big Sky Idaho
73%
Conference USA Jacksonville St.
73%
Southland McNeese
73%
Conference USA Middle Tennessee
73%
Summit League North Dakota
73%
Summit League Oral Roberts
73%
Big East Providence
73%
Missouri Valley Drake
72%
Patriot Holy Cross
72%
ASUN Jacksonville
72%
Horizon Robert Morris
72%
Big West UC Santa Barbara
72%
Ivy Cornell
71%
Atlantic 10 Duquesne
71%
Summit League South Dakota St.
71%
SWAC Alabama St.
70%
Sun Belt Arkansas St.
70%
Sun Belt Georgia St.
70%
Atlantic 10 Loyola Chicago
70%
Mountain West Nevada
70%
Southern Samford
70%
Southland Stephen F. Austin
70%
Confernece USA Western Kentucky
70%
Horizon Youngstown St.
70%
Coastal Charleston
69%
Ivy Columbia
69%
Missouri Valley Northern Iowa
69%
Horizon Northern Kentucky
69%
Summit League Omaha
69%
Big East Seton Hall
69%
Sun Belt South Alabama
69%
Mid-American Toledo
69%
Missouri Valley Valparaiso
69%
Ohio Valley Tennessee St.
68%
Big West Cal Poly
67%
MEAC Norfolk St.
67%
Mid-American Ohio
67%
West Coast Pepperdine
67%
Big Sky Portland St.
67%
West Coast San Francisco
67%
SWAC Southern
67%
Sun Belt Southern Miss
67%
Southern UNC Greensboro
67%
Atlantic 10 Virginia Commonwealth
67%
SWAC Alcorn St.
66%
Missouri Valley Evansville
66%
Sun Belt Georgia Southern
66%
Big Sky Montana St.
66%
MAAC St. Peter's
66%
AAC Tulsa
66%
Big South Winthrop
66%
Southern Chattanooga
65%
MEAC Howard
65%
Northeast Long Island
65%
West Coast San Diego
65%
Atlantic 10 St. Louis
65%
Big West UC Irvine
65%
Mid-American Western Michigan
65%
Horizon Green Bay
64%
Conference USA Missouri St.
64%
Ohio Valley Morehead St.
64%
Southern The Citadel
64%
Conference USA UTEP
64%
ASUN Austin Peay
63%
Coastal Campbell
63%
MAAC Iona
63%
Atantic 10 LaSalle
63%
MEAC South Carolina St.
63%
Summit League South Dakota
63%
Atlantic 10 St. Bonaventure
63%
Southern Wofford
63%
Northeast Central Connecticut
62%
Southern Mercer
62%
Big Sky Northern Arizona
62%
Atlantic 10 St. Joseph
62%
Summit League St. Thomas-Minnesota
62%
Big West Long Beach St.
61%
Big Sky Sacramento St.
61%
WAC Abilene Christian
60%
America East Bryant
60%
Northeast Fairleigh Dickinson
60%
America East Maine
60%
MAAC Mount St. Mary's
60%
Ohio Valley Tennessee Tech
60%
ASUN Stetson
59%
SWAC Texas Southern
59%
SWAC Bethune-Cookman
58%
Missouri Valley Bradley
58%
Southland Lamar
58%
SWAC Mississippi Valley St.
58%
Southland Nicholls
58%
SWAC Prairie View A&M
58%
West Coast Santa Clara
58%
WAC Tarleton
58%
Southern East Tennessee St.
57%
ASUN Lipscomb
57%
Big West UC Davis
57%
Southern VMI
57%
America East Albany
56%
SWAC Florida A&M
56%
Summit League Kansas City
56%
Horizon Oakland
56%
MAAC Sacred Heart
56%
Summit League Denver
55%
Horizon Detroit Mercy
55%
West Coast Loyola Marymount
55%
Coastal North Carolina A&T
55%
Northeast St. Francis (PA)
55%
Big West UC San Diego
55%
Big South USC Upstate
55%
America East UMBC
54%
Horizon Cleveland St.
53%
West Coast Portland
53%
Big South Presbyterian
53%
West Coast Seattle U
53%
Southland UT Rio Grande Valley
53%
Missouri Valley Belmont
52%
Patriot Bucknell
52%
ASUN FGCU
52%
Patriot Loyola (MD)
52%
Coastal Stony Brook
52%
Big West UC Riverside
52%
MEAC Delaware St.
51%
Coastal Elon
51%
MAAC Marist
51%
Southland Texas A&M-Corpus Christi
51%
Mountain West UNLV
51%
Coastal Drexel
50%
Missouri Valley Illinois St.
50%
MAAC Merrimack
50%
Horizon Purdue Fort Wayne
50%
MAAC Rider
50%
Coastal UNC Wilmington
50%
Northeast Wagner
50%
Big West CSU Fullerton
49%
Atlantic 10 Davidson
49%
MAAC Fairfield
49%
Big South Gardner-Webb
49%
Missouri Valley Southern Illinois
49%
Big Sky Weber St.
49%
ASUN Central Arkansas
48%
Patriot Lafayette
48%
MAAC Manhattan
48%
MAAC Siena
48%
Horizon Wright St.
48%
Big South Radford
47%
SWAC Arkansas-Pine Bluff
46%
WAC California Baptist
46%
Ohio Valley Eastern Illinois
46%
Coastal Hofstra
46%
West Coast Pacific
46%
Northeast Stonehill
46%
Ohio Valley Western Illinois
46%
Coastal Hampton
45%
Coastal Northeastern
45%
ASUN Queens (NC)
45%
Big South UNC Asheville
45%
Ohio Valley UT Martin
45%
ASUN Bellarmine
44%
MAAC Canisius
44%
Big Sky Idaho St.
44%
Coastal Monmouth
44%
Big South Charleston Southern
43%
ASUN Eastern Kentucky
43%
Southland Houston Christian
43%
Southland Incarnate Word
43%
Horizon IU-Indianapolis
43%
Big South Longwood
43%
Southland New Orleans
43%
MAAC Quinnipiac
43%
America East UMass Lowell
43%
Northeast Chicago St.
42%
Northeast Mercyhurst
42%
Big Sky Northern Colorado
42%
WAC Utah Tech
42%
America East Binghamton
41%
MEAC Coppin St.
41%
Northeast Le Moyne
41%
Ohio Valley Lindenwood
41%
Ohio Valley Little Rock
41%
Horizon Milwaukee
41%
Southland East Texas A&M
40%
America East New Hampshire
39%
Southland Northwestern St.
39%
Ohio Valley Southeast Missouri St.
39%
WAC Southern Utah
39%
Coastal Towson
39%
WAC UT Arlington
38%
MAAC Niagara
37%
WAC Utah Valley
37%
Big West CSU Bakersfield
35%
MEAC Morgan St.
35%
Southern Western Carolina
34%
Southland SE Louisiana
33%
Big West CSU Northridge
32%
ASUN North Florida
32%
ASUN West Georgia
32%
MEAC North Carolina Central
31%
Missouri Valley UIC
31%
America East NJIT
30%
MEAC Maryland-Eastern Shore
29%
ASUN North Alabama
29%
Ohio Valley Southern Indiana
25%
Northeast New Haven
24%
Ohio Valley SIU Edwardsville
20%
No matching quizzes found
Score Distribution
Percent of People with Each Score
Percentile by Number Answered
Your Score History
You have not taken this quiz since the last reset